header

Electron paramagnetic resonance (Record no. 61170)

MARC details
000 -LEADER
fixed length control field 01163nam a2200301 a 4500
082 04 - DEWEY DECIMAL CLASSIFICATION NUMBER
Classification number 543/.67
245 00 - TITLE STATEMENT
Title Electron paramagnetic resonance
260 ## - PUBLICATION, DISTRIBUTION, ETC. (IMPRINT)
Place of publication Hoboken, N.J. :
Name of publisher Wiley,
Year of publication c2009.
300 ## - PHYSICAL DESCRIPTION
Number of Pages xviii, 539 p. :
Other physical details ill.
650 #0 - SUBJECT ADDED ENTRY--TOPICAL TERM
Topical Term Electron paramagnetic resonance.
700 1# - ADDED ENTRY--PERSONAL NAME
Personal name Brustolon, Marina.
Personal name Giamello, Giacomo.
856 40 - ELECTRONIC LOCATION AND ACCESS
Uniform Resource Identifier http://site.ebrary.com/lib/rucke/Doc?id=10307538

No items available.

© 2026 Rongo University
Contact us: librarian | system librarian | Rongo university